000 00882cam a2200301 4500
001 B2977
008 090401t1990 xxu||||| |||| 00| 0 eng d
035 _a(Sirsi) u53339
041 _aeng
050 _a333.33016
110 _aMorgan Grenfell Laurie
_91949
245 4 _aThe MGL-CIG property index 1978-1989 (and) the Russell-NCREIF property index
260 _aLondon
_bMorgan Grenfell Laurie
_c1990
300 _a16p. ; 30cm.
350 _a0
650 _aPROPERTY-COMMERCIAL PROPERTY
650 _aFRANK RUSSELL COMPANY
650 _aINDUSTRIAL PROPERTY
650 _aNATIONAL COUNCIL OF REAL ESTATE INVESTMENT FIDUCARIES
650 _aOFFICES
650 _aPROPERTY INDEXES
650 _aPROPERTY INVESTMENT
650 _aSHOPS
650 _aUNITED STATES OF AMERICA
710 _aCorporate Intelligence Group
_92196
942 _n0
948 _c04/03/1997
999 _c93255
_d93255